[Event "Florianopolis op 6th"]
[Site "Florianopolis"]
[Date "2020.01.24"]
[Round "7"]
[White "Torres, Eduardo Lisboa"]
[Black "Japiassu, Glauco Antonio Beze"]
[Result "1-0"]
[WhiteElo "1850"]
[BlackElo "1522"]
[PlyCount "55"]
[EventDate "2020.01.20"]
[EventType "swiss"]
[EventRounds "10"]
[EventCountry "BRA"]
[SourceTitle "CBM 194 Extra"]
[Source "ChessBase"]
[SourceDate "2020.03.31"]
[SourceVersion "1"]
[SourceVersionDate "2020.03.31"]
[SourceQuality "1"]

1. d4 e6 2. c4 d5 3. Nc3 c6 4. e3 Nf6 5. Nf3 Bb4 6. Bd2 Nbd7 7. Qc2 Qe7 8. a3 Bxc3 9. Bxc3 Ne4 10. Bb4 Qd8 11. a4 c5 12. dxc5 Ndxc5 13. cxd5 0-0 14. Bxc5 Nxc5 15. Qxc5 exd5 16. Be2 Be6 17. 0-0 b6 18. Qd4 Rc8 19. Rac1 Qe7 20. Ba6 Rxc1 21. Rxc1 Bf5 22. Ne5 Qe6 23. Rc6 Qe7 24. Bd3 Qg5 25. h4 Qh5 26. g4 Bxg4 27. Nxg4 Qxh4 28. Nf6+ 1-0

[Event "Florianopolis op 6th"]
[Site "Florianopolis"]
[Date "2020.01.22"]
[Round "4"]
[White "Do Amaral e Silva, Larissa Blue"]
[Black "Torres, Eduardo Lisboa"]
[Result "0-1"]
[WhiteElo "1610"]
[BlackElo "1850"]
[PlyCount "52"]
[EventDate "2020.01.20"]
[EventType "swiss"]
[EventRounds "10"]
[EventCountry "BRA"]
[SourceTitle "CBM 194 Extra"]
[Source "ChessBase"]
[SourceDate "2020.03.31"]
[SourceVersion "1"]
[SourceVersionDate "2020.03.31"]
[SourceQuality "1"]

1. e4 d6 2. Nf3 Nf6 3. Nc3 c5 4. a4 Nc6 5. Bc4 g6 6. 0-0 Bg7 7. d3 0-0 8. Ng5 Ne5 9. Bb3 a6 10. Nf3 Bg4 11. h3 Nxf3+ 12. gxf3 Bxh3 13. Re1 e5 14. Ne2 Nh5 15. Ng3 Nf4 16. Kh2 Qh4 17. Rh1 Bg2+ 18. Kg1 Bxh1 19. Kf1 Qh2 20. Ke1 Qg1+ 21. Nf1 Bg2 22. Bxf4 Qxf1+ 23. Kd2 Qxf2+ 24. Qe2 Qxe2+ 25. Kxe2 exf4 26. Rg1 Bh3 0-1

[Event "Niteroi op 1st"]
[Site "Niteroi"]
[Date "2019.09.04"]
[Round "1"]
[White "Rodriguez Vila, Andres"]
[Black "Torres, Eduardo Lisboa"]
[Result "1-0"]
[WhiteElo "2482"]
[BlackElo "1839"]
[PlyCount "87"]
[EventDate "2019.09.04"]
[EventType "swiss"]
[EventRounds "7"]
[EventCountry "BRA"]
[SourceTitle "EXT 2020"]
[Source "ChessBase"]
[SourceDate "2019.10.17"]
[SourceVersion "1"]
[SourceVersionDate "2019.10.17"]
[SourceQuality "1"]

1. e4 c5 2. Nc3 Nc6 3. Nge2 Nf6 4. d4 cxd4 5. Nxd4 e5 6. Ndb5 d6 7. Nd5 Nxd5 8. exd5 Ne7 9. c4 Ng6 10. Qa4 Bd7 11. Qb4 Qb8 12. h4 h5 13. Bd3 f5 14. Bg5 a6 15. Nc3 Be7 16. Na4 Bxg5 17. hxg5 Nf4 18. Bf1 b5 19. Nc3 bxc4 20. Qxb8+ Rxb8 21. 0-0-0 Nd3+ 22. Bxd3 cxd3 23. Rxd3 Kf7 24. g3 Rb4 25. a3 Rg4 26. Rh4 Rxg5 27. Rb4 Rg4 28. Rb6 h4 29. gxh4 Rhxh4 30. Rxa6 Ke7 31. Ra7 Rf4 32. Nd1 Rd4 33. Rxd4 Rxd4 34. b4 Rxd5 35. Ne3 Rb5 36. Nxf5+ Kd8 37. Nxd6 Rd5 38. Nb7+ Kc8 39. Nc5 g5 40. Rxd7 Rxc5+ 41. bxc5 Kxd7 42. Kd2 Kc6 43. Ke3 Kxc5 44. Ke4 1-0

[Event "American Continental 15th"]
[Site "Sao Paulo"]
[Date "2019.07.09"]
[Round "6"]
[White "Torres, Eduardo Lisboa"]
[Black "Haraguchi, Matheus Sashaki"]
[Result "1-0"]
[WhiteElo "1872"]
[BlackElo "1555"]
[PlyCount "121"]
[EventDate "2019.07.05"]
[EventType "swiss"]
[EventRounds "11"]
[EventCountry "BRA"]
[SourceTitle "CBM 191 Extra"]
[Source "ChessBase"]
[SourceDate "2019.09.30"]
[SourceVersion "1"]
[SourceVersionDate "2019.09.30"]
[SourceQuality "1"]

1. d4 d5 2. c4 e6 3. Nc3 Nf6 4. Nf3 Be7 5. Bf4 c6 6. e3 b6 7. h3 Bb7 8. a3 Nbd7 9. b4 Rc8 10. c5 bxc5 11. bxc5 Qa5 12. Qd2 Ba6 13. Be2 Bxe2 14. Kxe2 0-0 15. g4 Rfe8 16. Rhb1 Bd8 17. Kf1 Bc7 18. Kg2 Ne4 19. Bxc7 Qxc3 20. Qxc3 Nxc3 21. Rb7 Nb5 22. Bg3 Nf8 23. a4 Nc3 24. Rxa7 Ra8 25. Rc7 Rec8 26. Rxc8 Rxc8 27. a5 Nd7 28. a6 f6 29. a7 Ra8 30. Ra6 Kf7 31. Rxc6 Rxa7 32. Rc7 Rxc7 33. Bxc7 Nb5 34. Ba5 Na7 35. g5 Nc6 36. Bc7 Kg6 37. gxf6 gxf6 38. Kg3 Kf5 39. Nd2 Kg5 40. f4+ Kf5 41. Bd6 e5 42. fxe5 fxe5 43. dxe5 Ndxe5 44. Nf3 Nf7 45. Nd4+ Nxd4 46. exd4 Ke4 47. Be7 Kf5 48. c6 Ke6 49. c7 Kd7 50. Bd8 Nd6 51. Kf4 Ke6 52. Kg5 Nf7+ 53. Kf4 Nd6 54. h4 h6 55. Kg4 Kd7 56. Bf6 Nf7 57. Kf5 Kxc7 58. Ke6 Nd8+ 59. Bxd8+ Kxd8 60. Kxd5 h5 61. Kd6 1-0

[Event "Florianopolis op 5th"]
[Site "Florianopolis"]
[Date "2019.01.27"]
[Round "10"]
[White "Torres, Eduardo Lisboa"]
[Black "Tasoko, Toshinobu"]
[Result "1-0"]
[WhiteElo "1905"]
[BlackElo "1668"]
[PlyCount "53"]
[EventDate "2019.01.21"]
[EventType "swiss"]
[EventRounds "10"]
[EventCountry "BRA"]
[SourceTitle "EXT 2020"]
[Source "ChessBase"]
[SourceDate "2019.10.17"]
[SourceVersion "1"]
[SourceVersionDate "2019.10.17"]
[SourceQuality "1"]

1. d4 Nf6 2. c4 e5 3. dxe5 Ng4 4. Bf4 g5 5. Bg3 Bg7 6. Nf3 Nc6 7. h4 Ngxe5 8. Nxe5 Nxe5 9. e3 d6 10. hxg5 Bf5 11. Nc3 c6 12. Qb3 b6 13. Rd1 Qe7 14. Be2 0-0-0 15. a4 Kc7 16. Qa3 a5 17. b4 axb4 18. Qxb4 Ra8 19. 0-0 Bf8 20. Rd5 f6 21. Rb1 Bxb1 22. Qxb1 Ra5 23. Rxa5 bxa5 24. c5 dxc5 25. Ba6 Kd7 26. Qf5+ Qe6 27. Bc8+ 1-0

[Event "Rio de Janeiro Duchamp op"]
[Site "Rio de Janeiro"]
[Date "2017.11.18"]
[Round "9"]
[White "Torres, Eduardo Lisboa"]
[Black "Baeta, Marcio Netto"]
[Result "1-0"]
[WhiteElo "1927"]
[BlackElo "1998"]
[PlyCount "60"]
[EventDate "2017.11.11"]
[EventType "swiss"]
[EventRounds "9"]
[EventCountry "BRA"]
[SourceTitle "CBM 181 Extra"]
[Source "ChessBase"]
[SourceDate "2017.12.12"]
[SourceVersion "1"]
[SourceVersionDate "2017.12.12"]
[SourceQuality "1"]

1. d4 Nf6 2. c4 e5 3. dxe5 Ng4 4. Bf4 Bb4+ 5. Nd2 Nc6 6. Ngf3 Qe7 7. a3 Ngxe5 8. Nxe5 Nxe5 9. e3 Bxd2+ 10. Qxd2 d6 11. c5 dxc5 12. Qd5 Ng6 13. Bb5+ Kf8 14. Bg3 a6 15. Be2 c6 16. Qd2 Ne5 17. Rd1 Bf5 18. e4 Bxe4 19. Qe3 f5 20. Bxe5 Qxe5 21. f3 f4 22. Qxe4 Qxe4 23. fxe4 Ke7 24. 0-0 Rhf8 25. Bg4 b5 26. Rd7+ Kf6 27. e5+ Kxe5 28. Re1+ Kf6 29. Re6+ Kg5 30. Rxg7+ Kh4 1-0

[Event "Rio de Janeiro Duchamp op"]
[Site "Rio de Janeiro"]
[Date "2017.11.14"]
[Round "5"]
[White "Torres, Eduardo Lisboa"]
[Black "Ribeiro, Jose Joselito"]
[Result "1/2-1/2"]
[WhiteElo "1927"]
[BlackElo "1924"]
[PlyCount "71"]
[EventDate "2017.11.11"]
[EventType "swiss"]
[EventRounds "9"]
[EventCountry "BRA"]
[SourceTitle "CBM 181 Extra"]
[Source "ChessBase"]
[SourceDate "2017.12.12"]
[SourceVersion "1"]
[SourceVersionDate "2017.12.12"]
[SourceQuality "1"]

1. d4 Nf6 2. c4 g6 3. f3 Bg7 4. e4 d6 5. Nc3 0-0 6. Bg5 h6 7. Be3 Na6 8. Qd2 Kh7 9. g4 c5 10. d5 Nd7 11. h3 Nc7 12. f4 b5 13. cxb5 a6 14. bxa6 Bxa6 15. Bxa6 Rxa6 16. b3 Nb5 17. Nge2 Qa5 18. Rc1 Nxc3 19. Nxc3 Bxc3 20. Rxc3 Qxa2 21. Qxa2 Rxa2 22. 0-0 Rb8 23. e5 Ra3 24. exd6 exd6 25. Rb1 Nf6 26. Bc1 Ra2 27. g5 hxg5 28. fxg5 Nh5 29. Rb2 Ra7 30. Kf2 Ng7 31. Ke1 Nf5 32. Kd1 Re7 33. Re2 Reb7 34. Rb2 Re7 35. Re2 Reb7 36. Rb2 1/2-1/2

[Event "Rio de Janeiro Duchamp op"]
[Site "Rio de Janeiro"]
[Date "2017.11.11"]
[Round "1"]
[White "Torres, Eduardo Lisboa"]
[Black "Costa, Carlos Evanir"]
[Result "0-1"]
[WhiteElo "1927"]
[BlackElo "2231"]
[PlyCount "122"]
[EventDate "2017.11.11"]
[EventType "swiss"]
[EventRounds "9"]
[EventCountry "BRA"]
[SourceTitle "CBM 181 Extra"]
[Source "ChessBase"]
[SourceDate "2017.12.12"]
[SourceVersion "1"]
[SourceVersionDate "2017.12.12"]
[SourceQuality "1"]

1. d4 d5 2. c4 e6 3. Nc3 c6 4. e4 dxe4 5. Nxe4 Bb4+ 6. Nc3 Nf6 7. Nf3 0-0 8. Bd3 c5 9. a3 Ba5 10. 0-0 cxd4 11. Nxd4 Bxc3 12. bxc3 e5 13. Nc2 Qc7 14. Ne3 e4 15. Be2 Rd8 16. Qc2 Be6 17. f4 exf3 18. Rxf3 Nbd7 19. Kh1 Ne5 20. Rxf6 gxf6 21. Nf5 Ng6 22. Be3 Bxf5 23. Qxf5 Qe5 24. Qxe5 fxe5 25. Rb1 b6 26. h4 Rac8 27. g3 Nf8 28. Bg5 Re8 29. Rd1 Kg7 30. Rf1 Rc6 31. Bh5 Ng6 32. Bf3 e4 33. Be2 f6 34. Be3 Rf8 35. Bd4 Ne5 36. g4 Re6 37. c5 bxc5 38. Bxc5 Rf7 39. Rf5 h6 40. Bd4 Rc7 41. g5 hxg5 42. hxg5 Kg6 43. Rf4 f5 44. Rh4 Rh7 45. Rxh7 Kxh7 46. Bxa7 Rc6 47. Bd4 Nc4 48. a4 f4 49. Bg4 Kg6 50. Bd7 Rc7 51. Be6 Kxg5 52. Bd5 Kf5 53. Kg1 f3 54. Kf2 Kf4 55. Bxc4 Rxc4 56. a5 Ra4 57. Be3+ Kf5 58. Bb6 Ra2+ 59. Kf1 Kf4 60. Bc7+ Ke3 61. Bb6+ Kd3 0-1

[Event "Florianopolis Winter Amateur op"]
[Site "Florianopolis"]
[Date "2017.08.11"]
[Round "2"]
[White "Piccoli, Lucas Fonseca"]
[Black "Torres, Eduardo Lisboa"]
[Result "1/2-1/2"]
[WhiteElo "1804"]
[BlackElo "1939"]
[PlyCount "102"]
[EventDate "2017.08.11"]
[EventType "swiss"]
[EventRounds "7"]
[EventCountry "BRA"]
[SourceTitle "CBM 180 Extra"]
[Source "ChessBase"]
[SourceDate "2017.10.06"]
[SourceVersion "1"]
[SourceVersionDate "2017.10.06"]
[SourceQuality "1"]

1. c4 Nf6 2. Nc3 e5 3. Nf3 Nc6 4. g3 Bb4 5. Bg2 0-0 6. 0-0 h6 7. d3 Bxc3 8. bxc3 e4 9. Nd4 exd3 10. exd3 Nxd4 11. cxd4 d5 12. Ba3 Re8 13. Qd2 c6 14. Rfe1 Rxe1+ 15. Rxe1 Be6 16. Qc3 Qd7 17. f3 Rd8 18. c5 Bf5 19. Bf1 Re8 20. Kf2 Nh7 21. Bc1 Ng5 22. Bxg5 hxg5 23. Qa5 Rxe1 24. Qxe1 a6 25. Qe5 f6 26. Qb8+ Kh7 27. Be2 Qe7 28. g4 Be6 29. f4 gxf4 30. Qxf4 g5 31. Qe3 Kg7 32. h3 Qf7 33. Kg2 Kg6 34. Qg3 Bc8 35. Qd6 Qe6 36. Qxe6 Bxe6 37. Kg3 f5 38. gxf5+ Bxf5 39. h4 Kh6 40. Bg4 Bxd3 41. Bc8 Bb5 42. Kg4 Be2+ 43. Kg3 Bb5 44. Kg4 Be2+ 45. Kg3 a5 46. Bxb7 Bb5 47. Kg4 gxh4 48. Kxh4 Kg6 49. Kg4 Kf6 50. Kf4 Ba4 51. a3 Ke6 1/2-1/2

[Event "Guanabara CC op 2nd"]
[Site "Rio de Janeiro"]
[Date "2017.06.03"]
[Round "5"]
[White "Baeta, Marcio Netto"]
[Black "Torres, Eduardo Lisboa"]
[Result "1-0"]
[WhiteElo "1989"]
[BlackElo "1919"]
[PlyCount "55"]
[EventDate "2017.05.20"]
[EventType "swiss"]
[EventRounds "6"]
[EventCountry "BRA"]
[SourceTitle "EXT 2018"]
[Source "ChessBase"]
[SourceDate "2017.10.13"]
[SourceVersion "1"]
[SourceVersionDate "2017.10.13"]
[SourceQuality "1"]

1. e4 d6 2. d4 Nf6 3. Bd3 e5 4. Nf3 exd4 5. Nxd4 c5 6. Nf3 Nc6 7. Bg5 h6 8. Bxf6 Qxf6 9. Nc3 Be6 10. 0-0 0-0-0 11. Nd5 Qxb2 12. Rb1 Qxa2 13. Qe2 Bxd5 14. Ra1 Qb2 15. exd5 Nd4 16. Nxd4 Qxd4 17. Rxa7 c4 18. Ra8+ Kc7 19. Rxd8 Kxd8 20. Bxc4 Be7 21. Rb1 Bh4 22. Rd1 Bxf2+ 23. Kf1 Re8 24. Rxd4 Rxe2 25. Rf4 Be3 26. Rxf7 Rxc2 27. Bb5 Bd4 28. Bd3 1-0

[Event "Guanabara CC op 2nd"]
[Site "Rio de Janeiro"]
[Date "2017.05.27"]
[Round "3"]
[White "Torres, Eduardo Lisboa"]
[Black "Da Costa, Carlos Henrique Luz"]
[Result "1-0"]
[WhiteElo "1919"]
[BlackElo "1575"]
[PlyCount "53"]
[EventDate "2017.05.20"]
[EventType "swiss"]
[EventRounds "6"]
[EventCountry "BRA"]
[SourceTitle "EXT 2018"]
[Source "ChessBase"]
[SourceDate "2017.10.13"]
[SourceVersion "1"]
[SourceVersionDate "2017.10.13"]
[SourceQuality "1"]

1. d4 d5 2. c4 c6 3. Nc3 Bf5 4. cxd5 cxd5 5. Qb3 Nc6 6. e3 Nf6 7. Qxb7 Na5 8. Bb5+ Bd7 9. Bxd7+ Nxd7 10. Qxd5 e6 11. Qh5 Nf6 12. Qb5+ Nd7 13. Nf3 Rb8 14. Qa4 Rb4 15. Qc2 Bd6 16. 0-0 0-0 17. Ne4 Rc4 18. Qd3 Nb6 19. b3 Rc6 20. Qb5 Nxb3 21. Qxc6 Nxa1 22. Nxd6 Qb8 23. Ba3 Nd5 24. Rxa1 Ne7 25. Qd7 Ng6 26. Ne5 Nxe5 27. dxe5 1-0

[Event "Guanabara CC op 2nd"]
[Site "Rio de Janeiro"]
[Date "2017.05.20"]
[Round "1"]
[White "Rodi, Luis Ernesto"]
[Black "Torres, Eduardo Lisboa"]
[Result "1-0"]
[WhiteElo "2297"]
[BlackElo "1919"]
[PlyCount "59"]
[EventDate "2017.05.20"]
[EventType "swiss"]
[EventRounds "6"]
[EventCountry "BRA"]
[SourceTitle "EXT 2018"]
[Source "ChessBase"]
[SourceDate "2017.10.13"]
[SourceVersion "1"]
[SourceVersionDate "2017.10.13"]
[SourceQuality "1"]

1. e4 c5 2. Nf3 d6 3. d4 cxd4 4. Nxd4 Nf6 5. Nc3 g6 6. Be3 Bg7 7. f3 0-0 8. Qd2 Nc6 9. 0-0-0 Bd7 10. g4 Bxg4 11. fxg4 Nxg4 12. Nb3 Rc8 13. Be2 Nxe3 14. Qxe3 Nb4 15. Kb1 Qc7 16. a3 Bxc3 17. bxc3 Nc6 18. h4 Ne5 19. Kb2 h5 20. Rd5 e6 21. Rd4 a6 22. Rh3 b5 23. Qh6 Qe7 24. Bxh5 gxh5 25. Rg3+ Ng6 26. Qxh5 Rc5 27. Nxc5 dxc5 28. Rd2 Qf6 29. Rdg2 Kg7 30. e5 1-0

[Event "Curitiba IEP&Copel op"]
[Site "Curitiba"]
[Date "2017.05.13"]
[Round "4"]
[White "Caetano, Hugo Zanotti Mendon"]
[Black "Torres, Eduardo Lisboa"]
[Result "1/2-1/2"]
[WhiteElo "2188"]
[BlackElo "1919"]
[PlyCount "47"]
[EventDate "2017.05.12"]
[EventType "swiss"]
[EventRounds "6"]
[EventCountry "BRA"]
[SourceTitle "CBM 178 Extra"]
[Source "ChessBase"]
[SourceDate "2017.06.22"]
[SourceVersion "1"]
[SourceVersionDate "2017.06.22"]
[SourceQuality "1"]

1. Nf3 Nf6 2. d4 g6 3. c4 Bg7 4. Nc3 d6 5. e4 0-0 6. Bg5 c5 7. d5 h6 8. Bh4 e6 9. Be2 exd5 10. exd5 Re8 11. 0-0 Bf5 12. Bd3 Qd7 13. Bxf5 Qxf5 14. Nb5 Qd7 15. Re1 Na6 16. a3 Nc7 17. Nc3 b5 18. cxb5 Nxb5 19. Qd3 Nxc3 20. bxc3 g5 21. Bg3 Nh5 22. Nd2 Nxg3 23. Qxg3 Qf5 24. Red1 1/2-1/2